000 nam a22 7a 4500
999 _c10803
_d10803
008 180223b ||||| |||| 00| 0 eng d
100 _aPark, B
_96642
245 _aJunie B.Jones loves handsome warrent
260 _aNew Delhi
_bRandom House Publication
_c1996